Handbook on integrated assessment of trade-related measures (Registro nro. 5759)

Detalles MARC
000 -CABECERA
Campo de control 00698nam a2200241 a 4500
005 - FECHA Y HORA DE LA ULTIMA TRANSACCION
Campo de control 20200104041602.0
008 - ELEMENTOS DE LONGITUD FIJA—INFORMACION GENERAL
Campo de control 160129t2005 xxua gr|||| 00| 0 spa d
020 ## - ISBN
ISBN 9280724525
040 ## - FUENTE DE CATALOGACIÓN
Agencia catalogadora original CO-BoIAVH
Agencia transcriptora CO-BoIAVH
041 ## - IDIOMA
Código de idioma para texto/pista de sonido o título separado Inglés
082 #4 - NUMERO DE CLASIFICACION DECIMAL DEWEY
Número de clasificación 338.1
Número del ítem H23h
245 ## - MENCION DE TITULO
Título Handbook on integrated assessment of trade-related measures
Parte restante del título the agriculture sector
260 ## - PUBLICACION, DISTRIBUCION, ETC. (PIE DE IMPRENTA)
Lugar de publicación, distribución, etc. Geneva
Nombre del editor, distribuidor, etc. UNEP
Fecha de publicación, distribución, etc. 2005
300 ## - DESCRIPCION FISICA
Extensión 88 paginas.:
Otros detalles físicos ilustraciones.;
Dimensiones 22 x 28 cm.
650 #4 - ASIENTO SECUNDARIO DE MATERIA - TERMINO TEMATICO
Término temático o nombre geográfico como elemento de entrada Agricultura
9 (RLIN) 304
650 #4 - ASIENTO SECUNDARIO DE MATERIA - TERMINO TEMATICO
Término temático o nombre geográfico como elemento de entrada Migración
9 (RLIN) 63137
650 #4 - ASIENTO SECUNDARIO DE MATERIA - TERMINO TEMATICO
Término temático o nombre geográfico como elemento de entrada Pobreza
9 (RLIN) 63138
650 #4 - ASIENTO SECUNDARIO DE MATERIA - TERMINO TEMATICO
Término temático o nombre geográfico como elemento de entrada Desarrollo rural
9 (RLIN) 63139
650 #4 - ASIENTO SECUNDARIO DE MATERIA - TERMINO TEMATICO
Término temático o nombre geográfico como elemento de entrada Salud
9 (RLIN) 5986
650 #4 - ASIENTO SECUNDARIO DE MATERIA - TERMINO TEMATICO
Término temático o nombre geográfico como elemento de entrada Agua dulce
9 (RLIN) 63141
942 ## - ELEMENTOS ADICIONALES (KOHA)
Tipo de ítem Libro
Sistema de clasificación Dewey Decimal Classification
945 ## - PROCESAMIENTO LOCAL
AAAA-MM-DD - Fecha de ingreso o modificacion 2007-08-14
Existencias
Withdrawn status Lost status Sistema de Clasificación Damaged status No para préstamo Colección Inventariado Ubicación Permanente Ubicación actual Fecha de adquisición Fuente de Valor Total Checkouts Número topográfico Inventario / Código de Barras Date last seen Date checked out Ejemplar Price effective from Forma de adquisición Tipo de material
    Dewey Decimal Classification     General Inventariado 2017 Bogotá Bogotá 14/08/2007 NHBS 1 LB-338.1 H23h 025025 12/02/2019 12/02/2019 Ej.1 04/12/2012   Libro